Govt. of
Madhya Pradesh

Voluntary Organisations And Social Service (Record no. 49453)

MARC details
000 -LEADER
fixed length control field 003920000a22001570004500
001 - CONTROL NUMBER
control field 000146
003 - CONTROL NUMBER IDENTIFIER
control field MACL
040 ## - CATALOGING SOURCE
Original cataloging agency MACL
090 ## - LOCALLY ASSIGNED LC-TYPE CALL NUMBER (OCLC); LOCAL CALL NUMBER (RLIN)
-- 146
-- 146
100 ## - MAIN ENTRY--PERSONAL NAME
Personal name Khajuria, Ram Rattan
245 ## - TITLE STATEMENT
Title Voluntary Organisations And Social Service
Statement of responsibility, etc. Ram Rattan Khajuria
260 ## - PUBLICATION, DISTRIBUTION, ETC. (IMPRINT)
Place of publication, distribution, etc. Vinod Publishers,
Date of publication, distribution, etc. 1995
350 ## - PRICE (NR) (BK AM CF MU VM SE) [OBSOLETE]
Price 390
650 ## - SUBJECT ADDED ENTRY--TOPICAL TERM
Topical term or geographic name as entry element General Social Problems And Welfare
942 ## - ADDED ENTRY ELEMENTS (KOHA)
Call number prefix 361
Koha item type Library Membar

No items available.